Famous Adams - Statistics

General Stats
  • This quiz has been taken 52 times
  • The average score is 5 of 15
Answer Stats
Hint Answer % Correct
Happy Gilmore, Billy Madison Adam Sandler
80%
Actor. NOT related to brothers Alec, Daniel, William, Stephen. Adam Baldwin
76%
TV Batman Adam West
73%
Maroon 5 Adam Levine
69%
The Wealth of Nations Adam Smith
51%
Goody Two Shoes Adam Ant
47%
American Idol. Queen. Adam Lambert
33%
Actor. Son of Alan. Adam Arkin
27%
U2 bass guitarist. Adam Clayton
27%
Beastie Boys Adam Horovitz
13%
Beastie Boys Adam Yauch
13%
English footballer Adam Lallana
9%
Talk show host. Comedian. TV producer. Adam Carolla
7%
Australian rugby player Adam Ashley-Cooper
4%
CSI:Miami, Criminal Minds Adam Rodriguez
4%
No matching quizzes found
Score Distribution
Percent of People with Each Score
Percentile by Number Answered
Your Score History
You have not taken this quiz